00498nam a22001577a 450000500170000000800410001702000150005804100130007308200140008610000290010024500870012925000190021626000470023530000330028265000250031520231115125051.0231115b |||||||| |||| 00| 0 eng d a0702129925 aEnglish  a344.1 RAU aRautenbach, F lEnglish  aLabour Litigation : bA Practical Guide to Procedure and Tactics / cF Rautenbach  aFirst Edition  aCape Town : bJuta and Company Ltd, c1993 bxxiv, 189 pages ; c25,5 cm. aLegal practice bLaw